000 00524nam a2200193Ia 4500
005 20250423094810.0
008 250422s9999 xx 000 0 und d
020 _a9781609137854
050 _aQM 25 .R55/
100 _aRohen, Johannes W.
245 0 _aColor atlas of anatomy: a photographic study of the human body
250 _a7th ed.
260 _aBaltimore
260 _bLippincott Williams & Wilkins
260 _c2011
300 _a532 p
650 _aHuman anatomy_Atlases. Anatomy_Atlases.
942 _cBK
999 _c28322
_d28322